[Event "38th TCh-GRE DivA"]
[Site "Peristeri GRE"]
[Date "2010.07.10"]
[Round "6"]
[White "Stiri,A"]
[Black "Ikonomopoulou,M"]
[Result "0-1"]
[WhiteElo "2215"]
[BlackElo "2066"]
[EventDate "2010.07.05"]

1. e4 e6 2. d4 d5 3. Nd2 Nf6 4. e5 Nfd7 5. Bd3 c5 6. c3 Nc6 7. Ne2 cxd4 8.
cxd4 f6 9. exf6 Nxf6 10. O-O Bd6 11. Nf3 O-O 12. Bf4 Bxf4 13. Nxf4 Ne4 14.
g3 g5 15. Nh5 Bd7 16. Ne5 Be8 17. Nxc6 bxc6 18. Qg4 Kh8 19. f3 Qb6 20. fxe4
Qxd4+ 21. Kh1 Bxh5 22. Qxh5 Qxd3 23. Rfe1 dxe4 24. Qxg5 Qd5 25. Qe3 Rf3 26.
Qe2 e3 27. Qg2 Raf8 28. Rad1 Qh5 29. g4 Qh4 30. Qc2 Qf6 31. Qc3 e5 32. Rc1
e2 33. Qxc6 Qxc6 0-1

[Event "38th TCh-GRE DivA"]
[Site "Peristeri GRE"]
[Date "2010.07.10"]
[Round "6"]
[White "Magklara,E"]
[Black "Hristodoulaki,A"]
[Result "1/2-1/2"]
[WhiteElo "1726"]
[BlackElo "1862"]
[EventDate "2010.07.05"]

1. e4 c5 2. Nc3 Nc6 3. g3 g6 4. Bg2 Bg7 5. d3 e6 6. Be3 d6 7. Qd2 Nge7 8.
Bh6 O-O 9. Bxg7 Kxg7 10. f4 d5 11. Nf3 b6 12. O-O d4 13. Nd1 Rb8 14. Nf2 f5
15. g4 Qc7 16. Nh4 Bd7 17. Rae1 Rf7 18. exf5 exf5 19. gxf5 Nxf5 20. Nxf5+
Bxf5 21. Ne4 Qd7 22. Ng5 Rf6 23. Be4 h6 24. Bxf5 gxf5 25. Nf3 Rg6+ 26. Kf2
Re8 27. Rxe8 Qxe8 28. Nh4 Rf6 29. Re1 Qd7 30. Kf1 Nb4 31. a3 Nd5 32. Re5
Ne3+ 33. Ke1 Qb7 34. Qe2 Qh1+ 35. Kd2 Nf1+ 36. Kd1 Ne3+ 37. Kd2 Qb1 38.
Rxe3 dxe3+ 39. Qxe3 Qa2 40. Qe7+ Qf7 41. Qe5 Qe6 42. Qc7+ Rf7 43. Qe5+ Qxe5
44. fxe5 Kf8 45. Ng6+ Kg7 46. e6 1/2-1/2

[Event "38th TCh-GRE DivA"]
[Site "Peristeri GRE"]
[Date "2010.07.10"]
[Round "6"]
[White "Sotirakis,Ioannis"]
[Black "Serntedakis,A"]
[Result "0-1"]
[WhiteElo "1590"]
[BlackElo "1906"]
[EventDate "2010.07.05"]

1. e4 c6 2. d4 d5 3. exd5 cxd5 4. Bd3 Nf6 5. c3 Bg4 6. Ne2 Nc6 7. h3 Bh5 8.
O-O e6 9. Qb3 Bxe2 10. Bxe2 Qc7 11. Nd2 Bd6 12. Nf3 O-O 13. Re1 Rfe8 14.
Bd3 Rac8 15. Bg5 Nd7 16. Qd1 a6 17. Qd2 b5 18. a3 Rb8 19. Qc2 Nf8 20. Re2
a5 21. b4 Rec8 22. Qb3 f6 23. Be3 Kh8 24. Rb2 Na7 25. Bd2 Nd7 26. a4 Nb6
27. axb5 axb4 28. cxb4 Nc4 29. Bxc4 dxc4 30. Qe3 Nxb5 31. Qxe6 c3 32. Rc2
Bxb4 33. Rb1 Na3 34. Rxb4 Nxc2 35. Rxb8 Rxb8 0-1

[Event "38th TCh-GRE DivA"]
[Site "Peristeri GRE"]
[Date "2010.07.10"]
[Round "6"]
[White "Hammer,J"]
[Black "Balogh,C"]
[Result "1-0"]
[WhiteElo "2636"]
[BlackElo "2628"]
[EventDate "2010.07.05"]

1. d4 d5 2. c4 c6 3. Nf3 Nf6 4. e3 Bf5 5. Nc3 e6 6. Nh4 Be4 7. f3 Bg6 8.
Qb3 Qc7 9. Bd2 Be7 10. Rc1 Nbd7 11. g3 dxc4 12. Bxc4 a6 13. a4 O-O 14. O-O
Rad8 15. Ne2 e5 16. Nxg6 hxg6 17. Qc2 Kh8 18. a5 Qb8 19. Kg2 Bd6 20. Qb3
Kg8 21. Rfd1 Rde8 22. e4 exd4 23. Nxd4 Ne5 24. Be2 c5 25. Nc2 Nc6 26. Qc3
Rc8 27. Ne3 Nd4 28. Bc4 Rfe8 29. Nd5 b5 30. axb6 Nxd5 31. Bxd5 Qxb6 32. Qc4
Rf8 33. Ra1 Qxb2 34. Ra2 Qb8 35. Rxa6 Kh8 36. Ba5 f5 37. Rb6 Qa7 38. Ra6
Qe7 39. Re1 Rb8 40. Bc3 f4 41. e5 Bxe5 42. Rxg6 Rf5 43. g4 Rg5 44. Bxd4
cxd4 45. Re6 Rb2+ 46. Kf1 Qa7 47. Re8+ Kh7 48. Be4+ g6 49. Qg8+ Kh6 50.
Rxe5 Qa6+ 51. Kg1 1-0

[Event "38th TCh-GRE DivA"]
[Site "Peristeri GRE"]
[Date "2010.07.10"]
[Round "6"]
[White "Managadze,N"]
[Black "Markidis,K"]
[Result "0-1"]
[WhiteElo "2461"]
[BlackElo "2342"]
[EventDate "2010.07.05"]

1. c4 Nf6 2. Nc3 g6 3. g3 Bg7 4. Bg2 O-O 5. e4 c5 6. Nge2 Nc6 7. O-O Ne8 8.
d3 Nc7 9. Be3 Ne6 10. h4 d6 11. Rb1 Ned4 12. a3 a5 13. Nb5 Nxb5 14. cxb5
Ne5 15. a4 Bd7 16. b3 Rc8 17. Nf4 Ng4 18. Bd2 Nf6 19. Ne2 b6 20. Bg5 Ng4
21. f3 h6 22. Bc1 Nf6 23. d4 e5 24. d5 Nh7 25. Bd2 f5 26. Qc1 fxe4 27. Bxh6
exf3 28. Bxf3 Bh3 29. Rf2 Rc7 30. Bxg7 Kxg7 31. Qc3 Nf6 32. Rb2 Rcf7 33.
Nc1 Qd7 34. Nd3 Kg8 35. Bh1 Ng4 36. Qe1 Nxf2 37. Nxf2 Kg7 38. Qe3 Bf5 39.
Bg2 Qe7 40. Re2 Kg8 41. Qc1 Qf6 42. Kh2 Rg7 43. Nh3 Bxh3 44. Bxh3 Qf3 45.
Be6+ Kh7 46. Qc2 Rf6 47. Qc4 Kh8 48. Bg4 Qf1 49. Be6 Rf3 50. Bh3 Rf2+ 51.
Rxf2 Qxf2+ 52. Bg2 Rf7 53. Qc1 Kg7 54. Qg5 Qf6 55. Qc1 Qf5 56. Qc4 Re7 57.
Be4 Qf2+ 58. Kh3 Rf7 59. Bg2 Qd4 60. Qc2 Rf2 61. Qb1 Qd2 62. Qg1 Qe2 63.
Qh1 Qc2 64. Be4 Qe2 65. Bg2 Kg8 66. Qb1 Qc2 67. Qg1 Qf5+ 68. Kh2 e4 69. Kh1
e3 70. Qe1 Qd3 71. Kg1 Qd2 0-1

[Event "38th TCh-GRE DivA"]
[Site "Peristeri GRE"]
[Date "2010.07.10"]
[Round "6"]
[White "Azis,A"]
[Black "Gimnopoulos,L"]
[Result "1/2-1/2"]
[WhiteElo "2120"]
[BlackElo "2139"]
[EventDate "2010.07.05"]

1. d4 Nf6 2. c4 c5 3. Nf3 e6 4. Nc3 a6 5. e3 d5 6. Be2 dxc4 7. Bxc4 b5 8.
Be2 Bb7 9. O-O Nbd7 10. a4 b4 11. Nb1 a5 12. Nbd2 Be7 13. b3 O-O 14. Bb2
Nb6 15. Rc1 Rc8 16. Nc4 Nxc4 17. Bxc4 Ne4 18. Qe2 Bf6 19. Rfd1 Qe7 20. Ba6
cxd4 21. exd4 Nc3 22. Bxc3 Rxc3 23. Rxc3 bxc3 24. Bc4 Rd8 25. Ne5 Bd5 26.
f4 Bxe5 27. fxe5 Qb4 28. Kf2 h6 29. Ke3 Rc8 30. Bxd5 exd5 31. Qc2 f6 32.
exf6 Re8+ 33. Kf2 Rf8 34. Kg1 Rxf6 35. h3 Rf4 36. Rd3 Rxd4 37. Rxc3 Rf4 38.
Rc8+ Rf8 39. Rxf8+ Qxf8 40. Qc7 Qa8 41. Qb6 Kf7 42. Kf2 Qc8 43. Qxa5 Qc2+
44. Ke1 Qxb3 45. Qc7+ Ke6 46. a5 Qe3+ 47. Kf1 d4 48. Qc6+ Ke7 49. Qb7+ Kd6
50. Qb4+ Kc6 51. Qc4+ Kb7 52. Qb5+ Ka7 53. Qb6+ Ka8 54. Qc6+ Ka7 55. Qc7+
Ka8 56. Qc8+ 1/2-1/2

[Event "38th TCh-GRE DivA"]
[Site "Peristeri GRE"]
[Date "2010.07.10"]
[Round "6"]
[White "Gavrilidis,G"]
[Black "Papadopoulos,N"]
[Result "1/2-1/2"]
[WhiteElo "2126"]
[BlackElo "2105"]
[EventDate "2010.07.05"]

1. d4 Nf6 2. c4 c5 3. d5 d6 4. Nc3 g6 5. e4 Bg7 6. f4 O-O 7. Nf3 e6 8. Be2
exd5 9. cxd5 Bg4 10. O-O Bxf3 11. Bxf3 Nbd7 12. Re1 Re8 13. Be3 b5 14. Bf2
a6 15. a4 b4 16. Nb1 Nh5 17. Bxh5 gxh5 18. Nd2 Bxb2 19. Nc4 Bxa1 20. Qxa1
Qf6 21. Qxf6 Nxf6 22. Nxd6 Nd7 23. e5 c4 24. e6 fxe6 25. dxe6 Nf8 26. f5 c3
27. Bd4 Red8 28. f6 Nxe6 29. Rxe6 Rxd6 30. Rxd6 Rc8 31. Rxa6 c2 32. Bb2
c1=Q+ 33. Bxc1 Rxc1+ 34. Kf2 b3 35. Rb6 Ra1 36. Rxb3 Rxa4 37. Rf3 Kf7 38.
Kg3 Rg4+ 39. Kh3 Rg6 40. Rf5 Rxf6 41. Rxh5 Kg6 42. Rb5 Rc6 43. Kh4 h6 44.
Rb8 Rc4+ 45. g4 Rc6 46. Rg8+ Kf7 47. Rd8 Kg6 48. Rf8 Ra6 49. Re8 Rb6 50.
Re5 Ra6 51. Kg3 Rb6 52. h4 Kf6 53. Rf5+ Kg6 54. Re5 Kf6 55. Kf4 Rb4+ 56.
Re4 Rb6 57. Rc4 Ra6 58. Ke4 Ke6 59. Rb4 Kf6 60. Kd5 Ra5+ 61. Kd4 Ra6 62.
Rc4 Rd6+ 63. Kc5 Ra6 64. Kd5 Ra5+ 65. Kd4 Ra6 66. g5+ 1/2-1/2

[Event "38th TCh-GRE DivA"]
[Site "Peristeri GRE"]
[Date "2010.07.10"]
[Round "6"]
[White "Pitselis,G"]
[Black "Karagiannis,A"]
[Result "0-1"]
[WhiteElo "2150"]
[BlackElo "2327"]
[EventDate "2010.07.05"]

1. d4 d5 2. c4 dxc4 3. Nf3 Nf6 4. Nc3 Bf5 5. e3 e6 6. Bxc4 Bb4 7. O-O O-O
8. Ne2 Qe7 9. Ng3 Bg6 10. Ne5 Nc6 11. Nxg6 hxg6 12. a3 Bd6 13. f4 Rfd8 14.
Qc2 a5 15. Bd2 Ng4 16. Ne4 Nb8 17. Ba2 Nd7 18. h3 Ngf6 19. Nxd6 cxd6 20.
Rac1 d5 21. Qa4 b5 22. Qxb5 Rab8 23. Qxa5 Rxb2 24. Bb4 Qe8 25. Bb1 Ne4 26.
Bxe4 dxe4 27. d5 exd5 28. Rfd1 Nf6 29. Bc3 Rb5 30. Qc7 Rc8 31. Qe5 Qd7 32.
Bd4 Rc4 33. Rb1 Rc2 34. Rdc1 Qc6 35. Rd1 Rxb1 36. Rxb1 Rxg2+ 37. Kxg2 Qc2+
38. Kg1 Qxb1+ 39. Kg2 Qc2+ 40. Kg1 Qc1+ 41. Kg2 Qxa3 42. f5 Qa2+ 43. Kf1
Qb1+ 44. Ke2 Qg1 45. Qb8+ Kh7 46. Qf8 Qg2+ 47. Ke1 Qg3+ 48. Kd2 Qf2+ 49.
Kc3 Qxf5 50. Qxf7 Qxh3 51. Kd2 Qf5 52. Ke1 Nh5 53. Qe8 Ng3 54. Qd8 Qf1+ 55.
Kd2 Qd3+ 56. Kc1 Nf5 57. Bb6 Qf1+ 58. Kb2 Qf2+ 59. Kb1 Nxe3 60. Qc8 Qf1+
61. Ka2 0-1

[Event "38th TCh-GRE DivA"]
[Site "Peristeri GRE"]
[Date "2010.07.10"]
[Round "6"]
[White "Alexakis,D"]
[Black "Tzolas,G"]
[Result "1-0"]
[WhiteElo "2204"]
[BlackElo "2095"]
[EventDate "2010.07.05"]

1. e4 c5 2. Nf3 d6 3. d4 cxd4 4. Qxd4 a6 5. c4 Nc6 6. Qd1 g6 7. Nc3 Bg7 8.
Bd3 Nf6 9. O-O O-O 10. h3 Nd7 11. Be3 Nc5 12. Rc1 Nxd3 13. Qxd3 Ne5 14.
Nxe5 Bxe5 15. f4 Bg7 16. f5 Bd7 17. Nd5 Bc6 18. Nb6 Rb8 19. Rc2 e6 20. Rcf2
Qh4 21. f6 Bh6 22. Bxh6 Qxh6 23. Rf4 Rbd8 24. Qg3 g5 25. h4 Kh8 26. hxg5
Qg6 27. Rh4 Rg8 28. Rff4 Qxg5 29. Qh3 1-0

[Event "38th TCh-GRE DivA"]
[Site "Peristeri GRE"]
[Date "2010.07.10"]
[Round "6"]
[White "Havlikova,K"]
[Black "Stoumbou,E"]
[Result "1-0"]
[WhiteElo "2299"]
[BlackElo "1934"]
[EventDate "2010.07.05"]

1. e4 c6 2. d4 d5 3. Nc3 dxe4 4. Nxe4 Nf6 5. Nxf6+ gxf6 6. c3 Nd7 7. Nf3
Nb6 8. g3 Bg4 9. Bg2 e6 10. a4 a5 11. O-O Nd5 12. Re1 Qc7 13. Qc2 O-O-O 14.
Bd2 Bxf3 15. Bxf3 h5 16. b4 Bh6 17. Bxh6 Rxh6 18. bxa5 Qxa5 19. c4 Ne7 20.
d5 e5 21. dxc6 Nxc6 22. Bxc6 bxc6 23. Qf5+ Kc7 24. Red1 Rd2 25. h4 Qc3 26.
Rac1 Qd4 27. Qf3 Rh8 28. Rxd2 Qxd2 29. Rd1 Qc2 30. c5 Rb8 31. Qxh5 Qg6 32.
Qe2 Rb1 33. Qd2 Rxd1+ 34. Qxd1 f5 35. Qd6+ Kb7 36. Qxg6 fxg6 37. f3 Ka6 38.
g4 fxg4 39. fxg4 1-0

[Event "38th TCh-GRE DivA"]
[Site "Peristeri GRE"]
[Date "2010.07.11"]
[Round "7"]
[White "Markidis,K"]
[Black "Macieja,B"]
[Result "0-1"]
[WhiteElo "2342"]
[BlackElo "2639"]
[EventDate "2010.07.05"]

1. e4 c5 2. Nf3 g6 3. c3 Bg7 4. d4 cxd4 5. cxd4 d5 6. e5 Bg4 7. Bb5+ Nd7 8.
Nbd2 a6 9. Bd3 e6 10. h3 Bxf3 11. Nxf3 Ne7 12. O-O Qb6 13. Rb1 Nc6 14. Be2
O-O 15. b4 f6 16. exf6 Nxf6 17. Be3 Ne4 18. Qb3 Nxd4 19. Nxd4 Bxd4 20. Bxd4
Qxd4 21. Rbd1 Qb6 22. Bf3 Ng5 23. Bg4 Rf4 24. g3 Rxb4 25. Qc3 Rf8 26. Kg2
h5 27. Be2 Rxf2+ 28. Kh1 Ne4 29. Qc8+ Kh7 30. Qb8 Rb2 31. Rc1 Rxf1+ 32.
Rxf1 Nf2+ 33. Rxf2 Qxf2 34. Qc7+ Kg8 35. Qc8+ Kg7 0-1

[Event "38th TCh-GRE DivA"]
[Site "Peristeri GRE"]
[Date "2010.07.11"]
[Round "7"]
[White "Gimnopoulos,L"]
[Black "Papadopoulou,V"]
[Result "1/2-1/2"]
[WhiteElo "2139"]
[BlackElo "2242"]
[EventDate "2010.07.05"]

1. d4 Nf6 2. Nf3 d6 3. g3 g6 4. Bg2 Bg7 5. O-O O-O 6. c4 Nbd7 7. Nc3 c5 8.
b3 Rb8 9. Bb2 a6 10. dxc5 Nxc5 11. Nd5 Nxd5 12. Bxg7 Kxg7 13. Qxd5 b6 14.
Nd4 Bb7 15. Qg5 Bxg2 16. Kxg2 Qd7 17. Rad1 b5 18. cxb5 axb5 19. f3 h6 20.
Qd2 b4 21. e4 Rfc8 22. Rc1 Qb7 23. Rc4 Nd7 24. Rfc1 Rxc4 25. Rxc4 Ne5 26.
Rc2 e6 27. Nxe6+ fxe6 28. Qxd6 Nf7 29. Qxe6 Rg8 30. h4 Kh7 31. Qf6 Rg7 32.
Rc6 h5 33. Re6 Qd7 34. Re7 Qd2+ 35. Kh3 Qe1 36. Kg2 Qe2+ 37. Kg1 Qe1+ 38.
Kg2 Qe2+ 39. Kg1 Qe1+ 1/2-1/2

[Event "38th TCh-GRE DivA"]
[Site "Peristeri GRE"]
[Date "2010.07.11"]
[Round "7"]
[White "Mihailidis,A"]
[Black "Gavrilidis,G"]
[Result "0-1"]
[WhiteElo "2230"]
[BlackElo "2126"]
[EventDate "2010.07.05"]

1. e4 c5 2. Nf3 Nc6 3. c3 d5 4. exd5 Qxd5 5. d4 e5 6. dxe5 Qxd1+ 7. Kxd1
Bg4 8. Bf4 Nge7 9. Be2 Ng6 10. Bg3 h5 11. h3 O-O-O+ 12. Nbd2 Bxf3 13. Bxf3
Ncxe5 14. Be4 h4 15. Bh2 Bd6 16. Kc2 Nc6 17. Bxg6 fxg6 18. Bxd6 Rxd6 19.
Nf3 Rf6 20. Rhe1 Nd8 21. Re7 Ne6 22. Rd1 Rd8 23. Rxd8+ Nxd8 24. Kb3 Rb6+
25. Kc2 Rf6 26. Kd3 Ne6 27. Ke4 Nf4 28. Nxh4 g5 29. Nf5 Nxg2 30. Rxg7 Re6+
31. Kf3 Ne1+ 32. Kg4 Nd3 33. Kxg5 Nxf2 34. h4 Ne4+ 35. Kf4 Nf6 36. Kg5 Ne4+
37. Kf4 Nf6 38. Re7 Nd5+ 39. Kg5 Nxe7 0-1

[Event "38th TCh-GRE DivA"]
[Site "Peristeri GRE"]
[Date "2010.07.11"]
[Round "7"]
[White "Genova,Ly"]
[Black "Spirou,M"]
[Result "1-0"]
[WhiteElo "2260"]
[BlackElo "1853"]
[EventDate "2010.07.05"]

1. e4 c5 2. Nf3 e6 3. d4 cxd4 4. Nxd4 a6 5. c4 Nf6 6. Nc3 Qc7 7. a3 b6 8.
Be3 Bb7 9. f3 Be7 10. Be2 d6 11. O-O O-O 12. Rc1 Nbd7 13. b4 Rac8 14. Qd2
Qb8 15. Kh1 Bd8 16. Nb3 Bc7 17. Rfd1 Rfd8 18. Qe1 Kh8 19. Qg1 Rg8 20. Bd4
Bd8 21. Na4 Bc6 22. Nc3 Bb7 23. a4 g5 24. a5 g4 25. Qf2 Ba8 26. axb6 Bxb6
27. c5 dxc5 28. Nxc5 e5 29. Be3 Qa7 30. Nd5 Bxd5 31. exd5 a5 32. Qh4 Rce8
33. Bg5 Rg6 34. Nxd7 Nxd7 35. Bd3 Rg7 36. Bh6 Rgg8 37. Bf5 Bd8 38. Bg5 Nf8
39. Bxd8 Rxd8 40. Qxd8 gxf3 41. Qf6+ Rg7 42. Be4 fxg2+ 43. Bxg2 axb4 44.
Rc8 1-0

[Event "38th TCh-GRE DivA"]
[Site "Peristeri GRE"]
[Date "2010.07.11"]
[Round "7"]
[White "Iordanidou,Z"]
[Black "Antoniadou,P"]
[Result "1-0"]
[WhiteElo "2107"]
[BlackElo "1728"]
[EventDate "2010.07.05"]

1. e4 e5 2. Nf3 Nc6 3. Bc4 Nf6 4. d3 Be7 5. O-O O-O 6. Re1 d6 7. c3 Na5 8.
Bb5 c6 9. Ba4 b5 10. Bc2 Rb8 11. b4 Nb7 12. a4 a6 13. h3 Bd7 14. Be3 Qe8
15. axb5 axb5 16. d4 Bd8 17. dxe5 dxe5 18. Nbd2 Bc7 19. Ra7 Qe7 20. Nb3 Be6
21. Qb1 Rfd8 22. Nc5 Bd6 23. Nxe6 Qxe6 24. Bb3 Qc8 25. Ng5 Rd7 26. Qa2 Qe8
27. Rd1 h6 28. Nxf7 Rxf7 29. Bxf7+ Qxf7 30. Qxf7+ Kxf7 31. Rxd6 1-0

[Event "38th TCh-GRE DivA"]
[Site "Peristeri GRE"]
[Date "2010.07.11"]
[Round "7"]
[White "Vasiliadis,A"]
[Black "Stathopoulos,I"]
[Result "0-1"]
[WhiteElo "1873"]
[BlackElo "2004"]
[EventDate "2010.07.05"]

1. d4 Nf6 2. c4 g6 3. Nc3 Bg7 4. e4 d6 5. Nge2 O-O 6. Ng3 e5 7. d5 a5 8.
Be2 Na6 9. Be3 Nc5 10. O-O h5 11. f3 Bd7 12. Nh1 Qe8 13. Nf2 Nh7 14. Nd3 b6
15. Nxc5 bxc5 16. a4 h4 17. Nb5 Qb8 18. Qd2 f5 19. Bh6 f4 20. Bxg7 Kxg7 21.
h3 Ng5 22. Bd3 Qc8 23. b3 Rh8 24. Kf2 Rh5 25. Rh1 Nf7 26. Ke2 Rg5 27. Kd1
Rg3 28. Kc2 Ng5 29. Qf2 Qb7 30. Rab1 Rh8 31. Rbg1 Bxh3 32. Rxh3 Rxh3 33.
gxh3 Nxh3 34. Qg2 Nxg1 35. Qxg1 h3 36. Qh2 Qc8 37. Bf1 Qd8 38. Nc3 Qh4 39.
Ne2 Rh5 40. Kd2 g5 41. Ng1 g4 42. fxg4 Qxg4 43. Nxh3 f3 44. Ke3 Rh8 45. Kd3
Rh4 46. Nf2 Rxh2 47. Nxg4 Rh1 48. Ne3 Kf6 49. Kd2 Kg5 50. Bd3 Kf4 51. Nf1
Rxf1 52. Bxf1 Kxe4 53. Ke1 Kd4 54. Kf2 Kc3 55. Kxf3 Kxb3 56. Ke3 Kxa4 57.
Kd2 Kb3 58. Kc1 a4 59. Kb1 e4 60. Ka1 e3 61. Kb1 Kc3 62. Ka2 Kd2 63. Ka3 e2
64. Bxe2 Kxe2 65. Kxa4 Kd3 66. Kb5 Kd4 0-1

[Event "38th TCh-GRE DivA"]
[Site "Peristeri GRE"]
[Date "2010.07.11"]
[Round "7"]
[White "Tzouganakis,P"]
[Black "Hatzis-Bakratsas,Alexandros"]
[Result "1-0"]
[WhiteElo "2095"]
[BlackElo "1587"]
[EventDate "2010.07.05"]

1. e4 c5 2. Nf3 Nc6 3. d4 cxd4 4. Nxd4 g6 5. c4 Nf6 6. Nc3 d6 7. Be2 Nxd4
8. Qxd4 Bg7 9. O-O O-O 10. Qd1 Be6 11. Be3 Rc8 12. b3 Nd7 13. Rc1 a5 14.
Nd5 Nc5 15. f3 Bxd5 16. exd5 Qb6 17. Rb1 Qb4 18. Bd2 Bc3 19. a3 Qb6 20.
Bxc3 Nd3+ 21. Kh1 Nf2+ 22. Rxf2 Qxf2 23. Bxa5 Qa7 24. Qd2 b6 25. Bb4 Rc7
26. a4 Ra8 27. Bc3 Rcc8 28. Bd3 f6 29. Re1 Kg7 30. h4 Rc7 31. Re6 Rf8 32.
Qf4 Qa8 33. h5 Qe8 34. Bxf6+ Rxf6 35. Qxf6+ exf6 36. Rxe8 Rd7 37. hxg6 hxg6
38. Rb8 f5 39. Rxb6 Kh6 40. a5 Kg5 41. g3 f4 42. Kg2 fxg3 43. Kxg3 Kf6 44.
c5 Ke5 45. Rxd6 Rxd6 46. cxd6 Kxd6 47. a6 Kc7 48. d6+ Kc6 49. Bb5+ 1-0

[Event "38th TCh-GRE DivA"]
[Site "Peristeri GRE"]
[Date "2010.07.11"]
[Round "7"]
[White "Nikolaidis,I"]
[Black "Lupulescu,C"]
[Result "0-1"]
[WhiteElo "2493"]
[BlackElo "2618"]
[EventDate "2010.07.05"]

1. Nf3 c5 2. c4 Nf6 3. g3 d5 4. Bg2 Nc6 5. cxd5 Nxd5 6. d4 cxd4 7. Nxd4
Ndb4 8. Nxc6 Qxd1+ 9. Kxd1 Nxc6 10. Bxc6+ bxc6 11. Bd2 e5 12. Bc3 Bc5 13.
Ke1 f6 14. Nd2 Be6 15. e3 Bd5 16. Rg1 g5 17. Ke2 Kf7 18. Rgc1 Bb6 19. Bb4
Rab8 20. Bd6 Rb7 21. b3 Rd8 22. Bc5 Rbd7 23. Rc2 Be6 24. Bxb6 axb6 25. a4
e4 26. Raa2 Bg4+ 27. Ke1 Rd3 28. Rxc6 Rxb3 29. Rc1 Rbd3 30. Rb1 R8d6 31. h3
Bf3 32. Rab2 R6d5 33. Nxf3 exf3 34. Rxb6 Ra3 35. R6b5 Ke6 36. Rxd5 Kxd5 37.
Rb5+ Ke4 38. Rb4+ Kd3 39. Rd4+ Kc3 40. g4 Ra1+ 41. Rd1 Rxa4 42. Rc1+ Kd3
43. Rd1+ Kc2 44. Rd2+ Kc3 45. Rd1 Ra2 46. Rc1+ Rc2 47. Ra1 Re2+ 48. Kf1 Rb2
49. Ke1 Kc2 50. Rd1 Rb4 51. Ra1 Rb3 52. Rd1 Ra3 53. Rd2+ Kc3 54. Rd1 Ra4
55. Rc1+ Kd3 56. Rd1+ Kc2 57. Rd2+ Kc3 58. Rd1 h5 59. Rc1+ Kd3 60. gxh5 Rh4
61. Rd1+ Kc2 62. Rd6 Rxh3 63. Rc6+ Kd3 64. Rd6+ Ke4 65. Rxf6 Rxh5 66. Rf8
Rh1+ 67. Kd2 Rf1 68. Re8+ Kf5 69. e4+ Kf4 70. e5 Rxf2+ 71. Kd3 Re2 72. e6
Kg3 73. e7 g4 0-1

[Event "38th TCh-GRE DivA"]
[Site "Peristeri GRE"]
[Date "2010.07.11"]
[Round "7"]
[White "Nikolov,Mo"]
[Black "Souleidis,G"]
[Result "1-0"]
[WhiteElo "2552"]
[BlackElo "2410"]
[EventDate "2010.07.05"]

1. d4 Nf6 2. c4 c5 3. d5 e6 4. Nc3 exd5 5. cxd5 Bd6 6. e4 O-O 7. Bd3 Re8 8.
Nge2 Bc7 9. O-O d6 10. Bg5 h6 11. Bh4 Nbd7 12. f4 c4 13. Bxc4 Bb6+ 14. Kh1
g5 15. Bg3 Nxe4 16. Nxe4 Rxe4 17. Bd3 Re8 18. Nc3 Nf6 19. fxg5 hxg5 20. Qf3
Kg7 21. Ne4 Bd4 22. Nxf6 Bxf6 23. Rf2 Rh8 24. Raf1 Rh6 25. Qe4 Qh8 26. Rxf6
Rxf6 27. Rxf6 1-0

[Event "38th TCh-GRE DivA"]
[Site "Peristeri GRE"]
[Date "2010.07.11"]
[Round "7"]
[White "Zahariev,Z"]
[Black "Kofidis,A"]
[Result "0-1"]
[WhiteElo "2387"]
[BlackElo "2402"]
[EventDate "2010.07.05"]

1. e4 c5 2. Nf3 d6 3. d4 cxd4 4. Nxd4 Nf6 5. Nc3 g6 6. Be2 Bg7 7. O-O O-O
8. Re1 Nc6 9. Nb3 Be6 10. Bf1 a5 11. a4 Rc8 12. Nd5 Bxd5 13. exd5 Nb4 14.
c4 Re8 15. Nd4 Nd7 16. Be3 Nc5 17. Rb1 Qd7 18. b3 h5 19. h3 Be5 20. Nf3 Bc3
21. Bd2 Bf6 22. Bg5 Qf5 23. Bxf6 exf6 24. Nd4 Qd7 25. Nb5 Re5 26. Rxe5 fxe5
27. Rc1 Rd8 28. Rc3 Qf5 29. Be2 Kg7 30. Rg3 h4 31. Rc3 Qg5 32. Bf1 Qf4 33.
Qe1 e4 34. Qd1 Nbd3 35. Bxd3 exd3 36. Rxd3 Nxd3 37. Qxd3 Re8 38. Qc3+ Kh7
39. Nd4 Qe5 40. Kf1 b6 41. Qd2 Qe4 42. Nc2 g5 43. Qe3 Kg6 44. Qxe4+ Rxe4
45. f3 Re8 46. Kf2 f5 47. Nd4 Kf6 48. Nb5 Ke5 49. Ke3 Rg8 50. Nd4 g4 51.
Nc6+ Kf6 52. Kf4 gxh3 53. gxh3 Rg3 54. Nd4 Rxh3 55. Nb5 Rh2 56. Nxd6 Rg2
0-1

[Event "38th TCh-GRE DivA"]
[Site "Peristeri GRE"]
[Date "2010.07.11"]
[Round "7"]
[White "Karagiannis,A"]
[Black "Pavlidis,Ana"]
[Result "1-0"]
[WhiteElo "2327"]
[BlackElo "2359"]
[EventDate "2010.07.05"]

1. d4 Nf6 2. Nf3 d5 3. c4 c6 4. e3 Bf5 5. cxd5 cxd5 6. Bb5+ Nbd7 7. Nc3 e6
8. Ne5 a6 9. Nxd7 Nxd7 10. Bd3 Bxd3 11. Qxd3 Be7 12. O-O O-O 13. e4 dxe4
14. Qxe4 b5 15. Rd1 b4 16. Ne2 Nf6 17. Qb7 Nd5 18. Bd2 Bd6 19. Rac1 Re8 20.
Qc6 h6 21. h3 Re7 22. Qa4 Rb7 23. Qb3 Qa5 24. Rc6 Qb5 25. Qc4 Qxc4 26. Rxc4
Rc7 27. Rxc7 Bxc7 28. Rc1 a5 29. Rc4 Rb8 30. Nc1 Kf8 31. Nd3 Ke8 32. Kf1
Bd8 33. Ke2 Ra8 34. Ne5 Nb6 35. Rc6 Rc8 36. Rxc8 Nxc8 37. Kd3 f6 38. Nc4
Na7 39. a4 Kd7 40. g4 g5 41. Ke4 Nc8 42. d5 Bc7 43. Be3 Ne7 44. dxe6+ Kxe6
45. Kd4 Nd5 46. Kc5 b3 47. Bd2 Nf4 48. Bxf4 gxf4 49. f3 Be5 50. Nxa5 Bxb2
51. Nxb3 h5 52. gxh5 Kf5 53. h4 Ke6 54. Nd4+ Ke5 55. Nc6+ Ke6 56. a5 Bc1
57. a6 Be3+ 58. Kc4 1-0

[Event "38th TCh-GRE DivA"]
[Site "Peristeri GRE"]
[Date "2010.07.11"]
[Round "7"]
[White "Kouvatsos,F"]
[Black "Asimakopoulos,K"]
[Result "1-0"]
[WhiteElo "2144"]
[BlackElo "1903"]
[EventDate "2010.07.05"]

1. d4 Nf6 2. Nf3 c5 3. d5 e6 4. c4 exd5 5. cxd5 d6 6. e4 g6 7. Bd3 Bg7 8.
h3 O-O 9. O-O Re8 10. Nbd2 a6 11. a4 a5 12. Re1 Na6 13. Nc4 Re7 14. Bf4 Ne8
15. Qd2 Nb4 16. Rad1 b6 17. Bf1 f6 18. Bg3 Ba6 19. Na3 Bxf1 20. Kxf1 Rd7
21. Qf4 Qc8 22. Qc1 Qa6+ 23. Qc4 Qb7 24. Nb5 Rad8 25. Kg1 Nc7 26. Na3 Rb8
27. Nb5 Nxb5 28. Qxb5 f5 29. exf5 Bxb2 30. fxg6 hxg6 31. Re6 Kg7 32. Nh4
Bf6 33. Qc4 Bxh4 34. Qxh4 Nxd5 35. Qg5 Ne7 36. Rdxd6 Rbd8 37. Rxg6+ Nxg6
38. Rxg6+ Kf8 39. Rg8+ Kf7 40. Qg6+ Ke7 41. Bh4+ 1-0

[Event "38th TCh-GRE DivA"]
[Site "Peristeri GRE"]
[Date "2010.07.11"]
[Round "7"]
[White "Stoumbou,E"]
[Black "Kouvatsou,M"]
[Result "1/2-1/2"]
[WhiteElo "1934"]
[BlackElo "2185"]
[EventDate "2010.07.05"]

1. e4 e5 2. Bc4 Nf6 3. d3 Nc6 4. Nc3 Bb4 5. Bd2 Bxc3 6. Bxc3 O-O 7. Qf3 d6
8. Ne2 Bg4 9. Qe3 d5 10. exd5 Nxd5 11. Bxd5 Qxd5 12. f3 Be6 13. O-O Rad8
14. f4 Nd4 15. Rac1 Bg4 16. Ng3 f6 17. h3 Bd7 18. fxe5 fxe5 19. Qg5 h6 20.
Qg6 Qc6 21. Qh5 Qd5 22. Qg6 Qc6 23. Qh5 Qd5 24. Qg6 1/2-1/2

[Event "38th TCh-GRE DivA"]
[Site "Peristeri GRE"]
[Date "2010.07.11"]
[Round "7"]
[White "Kazakos,E"]
[Black "Tsokopoulos,D"]
[Result "1-0"]
[WhiteElo "2054"]
[BlackElo "1928"]
[EventDate "2010.07.05"]

1. e4 c5 2. Nf3 e6 3. d4 cxd4 4. Nxd4 Nf6 5. Nc3 Nc6 6. Nxc6 bxc6 7. e5 Nd5
8. Ne4 Qc7 9. f4 Qb6 10. c4 Bb4+ 11. Ke2 Ba6 12. Kf3 f5 13. Nf2 Nc7 14. Be3
Qb7 15. b3 Be7 16. Nd3 c5+ 17. Kf2 Qe4 18. Be2 Bh4+ 19. g3 Bb7 20. Bf3
Qxf3+ 21. Qxf3 Bxf3 22. Kxf3 Be7 23. Nxc5 O-O-O 24. Rad1 d6 25. exd6 Rxd6
26. Rxd6 Bxd6 27. Rd1 Rd8 28. Na4 Kb7 29. Bc5 Be7 30. Rxd8 Bxd8 31. Ke3 Ne8
32. Bd4 Be7 33. Nc5+ Bxc5 34. Bxc5 Nf6 35. Kd4 Nd7 36. b4 h6 37. Be7 a6 38.
a4 Kc6 39. b5+ axb5 40. axb5+ Kb6 41. Bd8+ Kb7 42. c5 Kc8 43. Be7 g5 44.
fxg5 e5+ 45. Kd5 e4 46. gxh6 1-0

[Event "38th TCh-GRE DivA"]
[Site "Peristeri GRE"]
[Date "2010.07.11"]
[Round "7"]
[White "Poulidis,S"]
[Black "Sandalakis,N"]
[Result "1/2-1/2"]
[WhiteElo "1853"]
[BlackElo "1931"]
[EventDate "2010.07.05"]

1. e4 e5 2. Nf3 Nc6 3. Bc4 Bc5 4. c3 Nf6 5. d4 exd4 6. e5 d5 7. Bb5 Ne4 8.
cxd4 Bb6 9. h3 O-O 10. O-O f6 11. Nc3 Nxc3 12. bxc3 Bf5 13. Ba3 Re8 14. Re1
a6 15. Ba4 Ba5 16. Bxc6 bxc6 17. Bb4 Bb6 18. Qc1 Be4 19. exf6 Qxf6 20. Nd2
Bd3 21. Nb3 a5 22. Ba3 a4 23. Nc5 Bxc5 24. Bxc5 Qg6 25. Qf4 Be4 26. Qg3 Qf7
27. f3 Bd3 28. Rxe8+ Rxe8 29. Re1 Rxe1+ 30. Qxe1 1/2-1/2